[Event "Quebec-ch U12"]
[Site "Montreal"]
[Date "2018.01.14"]
[Round "5"]
[White "Guipi Bopala, Prince Eric Jr"]
[Black "Gonzalez, Tristan"]
[Result "1-0"]
[WhiteElo "1833"]
[BlackElo "1322"]
[PlyCount "155"]
[EventDate "2018.01.12"]
[EventType "swiss"]
[EventRounds "5"]
[EventCountry "CAN"]
[SourceTitle "EXT 2022"]
[Source "ChessBase"]
[SourceDate "2021.10.06"]
[SourceVersion "1"]
[SourceVersionDate "2021.10.06"]
[SourceQuality "1"]

1. d4 d5 2. Nf3 Nf6 3. e3 Bf5 4. c4 e6 5. Nc3 Be7 6. Be2 0-0 7. Nh4 Bg6 8. Nxg6 fxg6 9. cxd5 exd5 10. Qb3 b6 11. Bf3 c6 12. e4 Kh8 13. exd5 cxd5 14. Nxd5 Nc6 15. Be3 Rc8 16. Nxe7 Qxe7 17. 0-0 Rfd8 18. Bxc6 Rxc6 19. Rfe1 Re6 20. Bd2 Rxe1+ 21. Rxe1 Qd7 22. Bc3 Re8 23. Rxe8+ Qxe8 24. d5 Qe4 25. h3 Nxd5 26. Qa3 Qe7 27. Qxe7 Nxe7 28. Kf1 Kg8 29. Ke2 Kf7 30. g3 Nd5 31. Bd4 Nb4 32. a3 Nc6 33. Kd3 Nxd4 34. Kxd4 Ke6 35. b4 a6 36. f4 Kd6 37. g4 Ke6 38. Ke4 h6 39. Kd4 Kd6 40. f5 gxf5 41. gxf5 b5 42. h4 Ke7 43. Kc5 Kf6 44. Kb6 Kxf5 45. Kxa6 Kg4 46. Kxb5 Kxh4 47. Kc4 g5 48. b5 g4 49. b6 g3 50. b7 g2 51. b8Q g1Q 52. Qf4+ Kh5 53. Qf7+ Kh4 54. Qf4+ Kh5 55. a4 Qg8+ 56. Kb5 Qe8+ 57. Kb6 Qe6+ 58. Kb7 Qe7+ 59. Kb8 Qd8+ 60. Kb7 Qe7+ 61. Kc6 Qe8+ 62. Kc5 Qe7+ 63. Kd4 Qb4+ 64. Ke3 Qc3+ 65. Kf2 Qc2+ 66. Kg3 Qg6+ 67. Kh3 Qd3+ 68. Kg2 Qg6+ 69. Kf2 Qc2+ 70. Ke3 Qc3+ 71. Ke4 Qc4+ 72. Kf3 Qc3+ 73. Kg2 Qg7+ 74. Qg3 Qb2+ 75. Kh3 Qd4 76. Qf3+ Kg6 77. Qg4+ Qxg4+ 78. Kxg4 1-0

[Event "Quebec-ch U12"]
[Site "Montreal"]
[Date "2018.01.13"]
[Round "2"]
[White "Gonzalez, Tristan"]
[Black "Liu, Kevin1"]
[Result "0-1"]
[WhiteElo "1322"]
[BlackElo "1556"]
[PlyCount "124"]
[EventDate "2018.01.12"]
[EventType "swiss"]
[EventRounds "5"]
[EventCountry "CAN"]
[SourceTitle "EXT 2022"]
[Source "ChessBase"]
[SourceDate "2021.10.06"]
[SourceVersion "1"]
[SourceVersionDate "2021.10.06"]
[SourceQuality "1"]

1. e4 c5 2. Nc3 Nc6 3. f4 g6 4. Bb5 Bg7 5. Bxc6 bxc6 6. Nf3 d6 7. d3 Rb8 8. 0-0 Nf6 9. Qe1 0-0 10. Qh4 h6 11. f5 g5 12. Qg3 Nh5 13. Qe1 e6 14. g4 Nf6 15. Qg3 exf5 16. gxf5 Re8 17. Rf2 g4 18. Ne1 Rb7 19. Rg2 Rbe7 20. Bf4 Rd7 21. h3 h5 22. Bg5 Qb6 23. Bxf6 Bxf6 24. Rb1 Bxc3 25. Qh4 Bd4+ 26. Kh1 Qd8 27. Qxh5 Qf6 28. Rxg4+ Kf8 29. Nf3 Ke7 30. Nxd4 cxd4 31. Re1 Rh8 32. Qg5 Rxh3+ 33. Kg2 Qxg5 34. Rxg5 Rh6 35. Rg8 Bb7 36. Kg3 Kf6 37. Re2 Re7 38. Rd8 d5 39. e5+ Kxf5 40. Rf2+ Kg5 41. Rg8+ Rg6 42. Rh8 f6 43. exf6 Rxf6 44. Rfh2 Re3+ 45. Kg2 Re2+ 46. Kg3 Rxh2 47. Rxh2 Rf4 48. Rh7 Rg4+ 49. Kf2 Bc8 50. Rxa7 Rh4 51. Rc7 Bg4 52. Rxc6 Kf4 53. Rf6+ Bf5 54. Rd6 Rh2+ 55. Kg1 Kg3 56. Rxd5 Bg4 57. Rxd4 Rd2 58. Rxg4+ Kxg4 59. Kf1 Rxc2 60. a4 Rxb2 61. Ke1 Ra2 62. a5 Kf5 0-1

[Event "Quebec-ch U12"]
[Site "Montreal"]
[Date "2017.03.04"]
[Round "2"]
[White "Arcand, Louis"]
[Black "Gonzalez, Tristan"]
[Result "1-0"]
[WhiteElo "1271"]
[BlackElo "1225"]
[PlyCount "57"]
[EventDate "2017.03.04"]
[EventType "swiss"]
[EventRounds "5"]
[EventCountry "CAN"]
[SourceTitle "EXT 2022"]
[Source "ChessBase"]
[SourceDate "2021.10.06"]
[SourceVersion "1"]
[SourceVersionDate "2021.10.06"]
[SourceQuality "1"]

1. d4 d5 2. c4 e6 3. Nc3 c6 4. Nf3 Bd6 5. e4 dxc4 6. Bxc4 Nd7 7. Be3 Nb6 8. Bb3 Bd7 9. 0-0 Qc7 10. Rc1 0-0-0 11. Nb5 Qb8 12. d5 Bc7 13. d6 Bxd6 14. Nxd6+ Kc7 15. Nxf7 Kc8 16. N3e5 Qc7 17. Nxd8 Nf6 18. Bxb6 axb6 19. Nxd7 Rxd8 20. Bxe6 Nxd7 21. Qg4 Qe5 22. Rcd1 Qc7 23. Rd2 h5 24. Qxg7 Qf4 25. Rxd7 Rxd7 26. Qxd7+ Kb8 27. Rd1 Qxe4 28. b4 Qxb4 29. Qd6+ 1-0

[Event "Quebec-ch U12"]
[Site "Montreal"]
[Date "2017.03.04"]
[Round "3"]
[White "Gonzalez, Tristan"]
[Black "Cracuin, David"]
[Result "0-1"]
[WhiteElo "1225"]
[BlackElo "1566"]
[PlyCount "64"]
[EventDate "2017.03.04"]
[EventType "swiss"]
[EventRounds "5"]
[EventCountry "CAN"]
[SourceTitle "EXT 2022"]
[Source "ChessBase"]
[SourceDate "2021.10.06"]
[SourceVersion "1"]
[SourceVersionDate "2021.10.06"]
[SourceQuality "1"]

1. d4 d5 2. e3 Bf5 3. f4 e6 4. Bd3 Bg6 5. Nf3 Nf6 6. 0-0 Bd6 7. Nbd2 Nbd7 8. Ne5 0-0 9. g4 c5 10. Bxg6 fxg6 11. c3 Qe7 12. Rf2 Rfc8 13. Rg2 b5 14. Rg3 b4 15. Rh3 Rab8 16. Qf3 Rc7 17. Nb3 Nf8 18. Bd2 Ne4 19. g5 c4 20. Be1 cxb3 21. axb3 bxc3 22. bxc3 Rxb3 23. Qd1 Rb8 24. Rc1 Bxe5 25. dxe5 Rc4 26. Rc2 Qa3 27. Qf3 Rb1 28. Kf1 Rxc3 29. Rxc3 Qxc3 30. Qe2 Nd7 31. Qg4 Qxe1+ 32. Kg2 Qf2# 0-1